Сочинения Тредьяковского. Т. 2, отд-ние 1: Тилемахида, или Странствие Тилемаха сына Одиссеева описанное в составе ироической пиимы Василием Тредиаковским Надворным советником членом Санктпетербургской академии наук с французской нестихословной речи сочиненное Франциском де Салиньяком де-ла-Мотом Фенелоном архиепископом-Дюком Камбрейским принцем Священной Империи (Запись № 5546150)

Подробности
000 -МАРКЕР
контрольное поле 02719nam2a22003011 4500
001 - ИДЕНТИФИКАТОР ЗАПИСИ
контрольное поле v19\rc\1426498
005 - ИДЕНТИФИКАТОР ВЕРСИИ
контрольное поле 20260406105024.0
035 ## - ДРУГИЕ СИСТЕМНЫЕ НОМЕРА
Идентификатор записи (NLR Aleph) 005225112
100 ## - ДАННЫЕ ОБЩЕЙ ОБРАБОТКИ
Данные общей обработки 20060620d1849 |||y0rusy50 ca
101 0# - ЯЗЫК РЕСУРСА
Язык текста, звукозаписи и т.д. русский
102 ## - СТРАНА ПУБЛИКАЦИИ ИЛИ ПРОИЗВОДСТВА
Страна публикации Российская Федерация
105 ## - ПОЛЕ КОДИРОВАННЫХ ДАННЫХ: ТЕКСТОВЫЕ МАТЕРИАЛЫ, МОНОГРАФИЧЕСКИЕ
Кодированные данные о монографическом текстовом документе y z |||||
200 1# - ЗАГЛАВИЕ И СВЕДЕНИЯ ОБ ОТВЕТСТВЕННОСТИ
Основное заглавие Тилемахида, или Странствие Тилемаха сына Одиссеева описанное в составе ироической пиимы Василием Тредиаковским Надворным советником членом Санктпетербургской академии наук с французской нестихословной речи сочиненное Франциском де Салиньяком де-ла-Мотом Фенелоном архиепископом-Дюком Камбрейским принцем Священной Империи
Обозначение и номер части [кн. 1-15]
210 ## - ПУБЛИКАЦИЯ, РАСПРОСТРАНЕНИЕ И ДР.
Место издания, распространения и т.д. Санкт-Петербург
Имя издателя, распространителя и т. д. издание Александра Смирдина
Дата издания, распространения и т.д. 1849
215 ## - ФИЗИЧЕСКАЯ ХАРАКТЕРИСТИКА
Специфическое обозначение материала и объем [4], LXXX, 492 с.
316 ## - ПРИМЕЧАНИЯ ОБ ОСОБЕННОСТЯХ ЭКЗЕМПЛЯРА
Текст примечания Экз. РНБ на шифре 18.61.4.24(2-1) с наклейкой: Библиотека А.А. Заешникова
Организация и экземпляр, к которому относится поле NLR: 18.61.4.24(2-1)
461 #0 - УРОВЕНЬ НАБОРА
Встроенное поле 001v19\rc\1426496
-- 2001#$aСочинения Тредьяковского$eт. 1-3$vТ. 2, отд-ние 1
Системный номер (АБИС) связанной записи 5546130
Автор Тредиаковский, В. К. (1703-1768)
Место публикации Санкт-Петербург
Дата публикации 1849
Имя издателя, распространителя и т.д. издание Александра Смирдина
Сведения, относящиеся к заглавию т. 1-3
Физическая характеристика 4 т.
Заглавие Сочинения Тредьяковского
Номер тома Т. 2, отд-ние 1
517 1# - ДРУГИЕ ВАРИАНТЫ ЗАГЛАВИЯ
Вариант заглавия Странствие Тилемаха сына Одиссеева описанное в составе ироической пиимы Василием Тредиаковским Надворным советником членом Санктпетербургской академии наук с французской нестихословной речи сочиненное Франциском де Салиньяком де-ла-Мотом Фенелоном архиепископом-Дюком Камбрейским принцем Священной Империи
702 #1 - ИМЯ ЛИЦА - ВТОРИЧНАЯ ОТВЕТСТВЕННОСТЬ
Код отношения Прочие
Графика поля Кириллица
Материалы, к которым относится поле rus
Начальный элемент ввода Фенелон
Часть имени, кроме начального элемента ввода Ф. де С. де ла М.
Даты 1651-1715
Расширение инициалов личного имени Франсуа де Салиньяк де ла Мот
Идентификатор авторитетной/нормативной записи RU\NLR\AUTH\7799295
Системный номер авторитетной/нормативной записи 82221
702 #1 - ИМЯ ЛИЦА - ВТОРИЧНАЯ ОТВЕТСТВЕННОСТЬ
Код отношения Бывший владелец
Материалы, к которым относится поле rus
Графика поля Кириллица
Начальный элемент ввода Заешников
Часть имени, кроме начального элемента ввода А. А.
Расширение инициалов личного имени Александр Александрович
Идентификатор авторитетной/нормативной записи RU\NLR\AUTH\7799261
Системный номер авторитетной/нормативной записи 82187
801 #0 - ИСТОЧНИК ЗАПИСИ
Страна Российская Федерация
Организация NLR
Дата составления 20060620
Правила каталогизации psbo
801 #0 - ИСТОЧНИК ЗАПИСИ
Страна Российская Федерация
Организация RuMoRGB
Дата составления 20060620
Источник данных psbo
801 #1 - ИСТОЧНИК ЗАПИСИ
Страна Российская Федерация
Организация ProSoft-M
Дата составления 20060620
Источник данных rusmarc
801 #2 - ИСТОЧНИК ЗАПИСИ
Страна Российская Федерация
Организация NLR
Дата составления 20110510
Источник данных rusmarc
852 ## - МЕСТОНАХОЖДЕНИЕ И ШИФР ХРАНЕНИЯ
Идентификатор организации NLR
Шифр хранения (Call Number) 18.61.7.24(2-1)
942 ## - ДОПОЛНИТЕЛЬНЫЕ ЭЛЕМЕНТЫ ЗАПИСИ (АБИС)
Тип экземпляра АБИС Книга
980 ## - КОЛЛЕКЦИЯ
Название коллекции Национальная библиография
Экземпляры
Тип экземпляра Дата поступления Библиотека постоянного хранения Библиотека текущего хранения Место хранения Шифр хранения Штрих-код Статус экземпляра Стоимость
Книга 09.01.2014 РНБ (Московский) РНБ (Московский) Фонд общего зала литературы по филологии, педагогике и искусству (гуманитарной литературы) Л1 Ш6(2=Р)4/Т-660 1-258934   0.00
Книга 26.10.2013 РНБ (Садовая) РНБ (Садовая) Русский книжный фонд -Главное здание, Ленинский читальный зал 18.61.7.24(2-1) 5225112-10